U.S. States with the Largest Arab Populations - Statistics

General Stats
  • This quiz has been taken 31 times
  • The average score is 9 of 10
Answer Stats
Population State % Correct
330,264 California
97%
194,747 New York
97%
171,527 Texas
97%
141,232 Florida
94%
98,368 Illinois
94%
85,508 Ohio
87%
212,828 Michigan
84%
115,428 New Jersey
84%
77,208 Pennsylvania
74%
85,198 Virginia
74%
No matching quizzes found
Score Distribution
Percent of People with Each Score
Percentile by Number Answered
Your Score History
You have not taken this quiz